Structure and spectra of atoms / (Record no. 3544)

000 -LEADER
fixed length control field 00472nam a22001697a 4500
008 - FIXED-LENGTH DATA ELEMENTS--GENERAL INFORMATION
fixed length control field 200618b ||||| |||| 00| 0 eng d
082 00 - DEWEY DECIMAL CLASSIFICATION NUMBER
Classification number 541.24
Item number R5141
100 ## - MAIN ENTRY--PERSONAL NAME
9 (RLIN) 2922
Personal name Richards, W. G.
245 10 - TITLE STATEMENT
Title Structure and spectra of atoms /
250 ## - EDITION STATEMENT
Edition statement 1st ed.
260 ## - PUBLICATION, DISTRIBUTION, ETC. (IMPRINT)
Place of publication, distribution, etc New Delhi
Name of publisher, distributor, etc Weley Eastern
Date of publication, distribution, etc 1976
300 ## - PHYSICAL DESCRIPTION
Extent 98 p.
650 #0 - SUBJECT ADDED ENTRY--TOPICAL TERM
Topical term or geographic name as entry element Atomic Theory
Topical term or geographic name as entry element Atomic spectroscopy
700 ## - ADDED ENTRY--PERSONAL NAME
9 (RLIN) 2924
Personal name Scott, P. R.
942 ## - ADDED ENTRY ELEMENTS (KOHA)
Item type Books
Holdings
Withdrawn status Lost status Source of classification or shelving scheme Damaged status Not for loan Permanent location Current location Date acquired Full call number Barcode Date last seen Koha item type
          IMU Kolkata IMU Kolkata 2020-06-18 541.24 R5141 06371 2020-06-18 Books
Designed and Maintained by IMU-KC Library, Kolkata Campus © Copyright All Rights Reserved

webs counters

Powered by Koha